| 000 | 00765cam a2200217 4500 | ||
|---|---|---|---|
| 001 | ABS62106 | ||
| 008 | 000000n2000 000 0 eng u | ||
| 035 | _a(Sirsi) u104764 | ||
| 100 | _aHall, D. | ||
| 245 | 4 | _aThe numbers debate heads west | |
| 260 | _c2000 | ||
| 490 |
_aTown & Country Planning _v69(3) March 2000, 70-71(2) |
||
| 520 | _aConsiders whether the draft Regional Planning Guidance for the south west contains the strategic vision and guidance needed by local planning authorities. | ||
| 590 | _aABS | ||
| 650 | _aSOUTH WEST ENGLAND | ||
| 650 | _aDRAFT REGIONAL PLANNING GUIDANCE | ||
| 650 | _aSUSTAINABLE DEVELOPMENT | ||
| 650 | _aNEW TOWNS ACT 1980 | ||
| 690 | _aENVIRONMENTAL AND LAND CONSULTANCY-PLANNING AND DEVELOPMENT | ||
| 942 | _n0 | ||
| 999 |
_c62854 _d62854 |
||